000
00313nam a2200145Ia 4500
100
_a
Labour law agency
650
_a
General
942
_c
BK
654
_a
act
245
_a
Employee''''s state insurance
260
_b
S.L.Dwivedi pub.
_a
Bombay
_c
1982
082
_a
344.02
300
_a
159
546
_a
ENGLISH
999
_c
29094
_d
29094